00776cam a2200253 a 45000010008000000030004000080050017000120080041000290100017000700200032000870400018001190500023001370820012001601000018001722450108001902500012002982600031003103000035003415040039003766500026004156500034004416500017004757000030004923751368OSt20220225123223.0820903s1983 nyua b 001 0 eng  a 82017590  a0471053988 :c$26.95 (est.) aDLCcDLCdDLC00aHF 5695b.M66 198300a5192191 aMizrahi, Abe.10aFinite mathematics with applications for business and social sciences /cAbe Mizrahi, Michael Sullivan. a4th ed. aNew York :bWiley,cc1983. axiii, 637 p. :bill. ;c26 cm. aIncludes bibliographies and index. 0aBusiness mathematics. 0aSocial sciencesxMathematics. 0aMathematics.1 aSullivan, Michael,d1942-